[Event "Almansa op-B 12th"]
[Site "Almansa"]
[Date "2017.08.03"]
[Round "5"]
[White "Martinez Hernandez, Paula"]
[Black "Cabrera Valverde, Jose David"]
[Result "1-0"]
[WhiteElo "1805"]
[BlackElo "1704"]
[PlyCount "76"]
[EventDate "2017.08.01"]
[EventType "swiss"]
[EventRounds "9"]
[EventCountry "ESP"]
[SourceTitle "EXT 2019"]
[Source "ChessBase"]
[SourceDate "2018.10.10"]
[SourceVersion "1"]
[SourceVersionDate "2018.10.10"]
[SourceQuality "1"]

1. e4 c5 2. Nc3 d6 3. g3 Nf6 4. Bg2 g6 5. Nge2 Nc6 6. d3 Bg7 7. 0-0 0-0 8. h3 Bd7 9. Be3 h6 10. Qd2 Kh7 11. f4 Qc7 12. g4 Ng8 13. f5 Rae8 14. Rf2 Nd4 15. Nd5 Nxe2+ 16. Qxe2 Qd8 17. c3 e6 18. Nf4 exf5 19. gxf5 gxf5 20. exf5 Bxf5 21. Nh5 Bg6 22. Nxg7 Kxg7 23. Bxb7 Qe7 24. Bc6 Rc8 25. Bd5 Rfe8 26. Re1 Qh4 27. Qf3 Re7 28. Ref1 Qh5 29. Qxh5 Bxh5 30. Bf4 Rd8 31. Bg3 Re2 32. Rxe2 Bxe2 33. Rxf7+ Kg6 34. Rxa7 Bxd3 35. Bh4 Rf8 36. Rd7 Kh5 37. Bd8 Rf1+ 38. Kg2 Nf6 1-0

[Event "Andalucia-ch U14"]
[Site "Huelva"]
[Date "2014.04.25"]
[Round "4.10"]
[White "Cabrera Valverde, Jose David"]
[Black "Henderson de la Fuente, Andrea"]
[Result "0-1"]
[WhiteElo "1431"]
[BlackElo "1558"]
[PlyCount "52"]
[EventDate "2014.04.25"]
[EventType "swiss"]
[EventRounds "9"]
[EventCountry "ESP"]
[SourceTitle "EXT 2024"]
[Source "ChessBase"]
[SourceDate "2023.10.10"]
[SourceVersion "1"]
[SourceVersionDate "2023.10.10"]
[SourceQuality "1"]

1. e4 d6 2. d4 Nf6 3. Nc3 e5 4. dxe5 dxe5 5. Qxd8+ Kxd8 6. Nf3 Bd6 7. Bg5 c6 8. 0-0-0 Ke7 9. Bxf6+ gxf6 10. Bc4 b5 11. Bb3 a5 12. a3 Rg8 13. Nh4 Rg4 14. g3 b4 15. f3 Rxh4 16. gxh4 bxc3 17. bxc3 Bxa3+ 18. Kb1 a4 19. Bc4 Nd7 20. Rhg1 Rb8+ 21. Ka2 Bc5 22. Rg7 Nb6 23. Bxf7 Kf8 24. Rxh7 a3 25. Rd8+ Ke7 26. Rdh8 Kd6 0-1

[Event "ESP-ch U12"]
[Site "Salobrena"]
[Date "2012.07.05"]
[Round "6.21"]
[White "Aledo Yanguas, Javier"]
[Black "Cabrera Valverde, Jose David"]
[Result "1-0"]
[WhiteElo "1654"]
[BlackElo "1457"]
[PlyCount "59"]
[EventDate "2012.07.02"]
[EventType "swiss"]
[EventRounds "9"]
[EventCountry "ESP"]
[SourceTitle "EXT 2024"]
[Source "ChessBase"]
[SourceDate "2023.10.10"]
[SourceVersion "1"]
[SourceVersionDate "2023.10.10"]
[SourceQuality "1"]

1. e4 c5 2. c3 Nc6 3. d4 e6 4. Nf3 d5 5. exd5 exd5 6. Bf4 Nf6 7. Bd3 c4 8. Bc2 Bd6 9. Bxd6 Qxd6 10. Nbd2 0-0 11. 0-0 Bg4 12. h3 Bh5 13. Re1 Rfe8 14. Nf1 Rxe1 15. Qxe1 Bxf3 16. gxf3 Re8 17. Qd2 Nh5 18. Qg5 Nf4 19. Qh4 h6 20. Ng3 Nd3 21. Bxd3 cxd3 22. Rd1 Qg6 23. Qg4 Re1+ 24. Rxe1 d2 25. Rd1 Qc2 26. f4 Na5 27. Qe2 Nc4 28. b3 Nb2 29. Rxd2 Qc1+ 30. Kg2 1-0

[Event "ESP-ch U12"]
[Site "Salobrena"]
[Date "2012.07.02"]
[Round "2.17"]
[White "Cabrera Valverde, Jose David"]
[Black "Iglesias Feijoo, Alberto"]
[Result "0-1"]
[WhiteElo "1457"]
[BlackElo "1660"]
[PlyCount "74"]
[EventDate "2012.07.02"]
[EventType "swiss"]
[EventRounds "9"]
[EventCountry "ESP"]
[SourceTitle "EXT 2024"]
[Source "ChessBase"]
[SourceDate "2023.10.10"]
[SourceVersion "1"]
[SourceVersionDate "2023.10.10"]
[SourceQuality "1"]

1. e4 e6 2. d4 d5 3. Nc3 dxe4 4. Nxe4 Nd7 5. Nf3 Ngf6 6. Bg5 Be7 7. Bd3 Nxe4 8. Bxe7 Nxf2 9. Bxd8 Nxd1 10. Rxd1 Kxd8 11. 0-0 f6 12. Rde1 Nb6 13. b3 Bd7 14. Nd2 c6 15. Nc4 Nxc4 16. Bxc4 Re8 17. Re3 Kc7 18. Rg3 Re7 19. Re1 a5 20. d5 b5 21. Bd3 cxd5 22. Bxh7 Rh8 23. Bd3 e5 24. c3 Kd6 25. c4 bxc4 26. bxc4 d4 27. Rc1 Rc8 28. Rg6 e4 29. Bf1 d3 30. Rg3 d2 31. Rd1 e3 32. Be2 Ba4 33. Rb1 Kc5 34. Kf1 Rd8 35. Rf3 d1Q+ 36. Bxd1 Rxd1+ 37. Rxd1 Bxd1 0-1